| 000 | 00998cam a2200277 4500 | ||
|---|---|---|---|
| 001 | 24013 | ||
| 003 | BD-RjUL | ||
| 005 | 20211209001011.0 | ||
| 008 | 140312s1970 ii ac b 000 0beng d | ||
| 035 | _a(BD-RjUL)24078 | ||
| 040 |
_aDLC _cDLC _dDLC _dWaU _dBD-RjUL _beng |
||
| 041 | _aeng | ||
| 082 | 0 | 0 |
_a923.2 _bZUF 1970 |
| 100 | 1 |
_aZutshi, G. L., _d1927- _973940 |
|
| 245 | 1 | 0 |
_aFrontier Gandhi : _bthe fighter, the politician, the saint / _cby G. L. Zutshi. General editor: L. M. Singhvi. |
| 260 |
_aDelhi : _bNational, _c1970. |
||
| 300 |
_axiii, 167 p. : _billus., ports. ; _c23 cm. |
||
| 350 | _aRs17.50 | ||
| 500 | _a"Published under the auspices of the Institute of Constitutional and Parliamentary Studies, New Delhi." | ||
| 504 | _aBibliography: p. 166-167. | ||
| 600 | 1 | 0 |
_aKhan, Abdul Ghaffar, _d1890-1988. _973946 |
| 710 | 2 |
_aInstitute of Constitutional and Parliamentary Studies (New Delhi, India) _914005 |
|
| 942 |
_2ddc _cBK |
||
| 999 |
_c24013 _d24013 |
||